Guess the 1970s song lyrics #239 - Statistics

General Stats
  • This quiz has been taken 14 times
  • The average score is 214 of 389
Answer Stats
Answer % Correct
I
100%
do
92%
on
92%
a
83%
and
83%
And
83%
is
83%
the
83%
to
83%
we
83%
We
83%
you
83%
You
83%
be
75%
can
75%
for
75%
go
75%
in
75%
In
75%
it
75%
It's
75%
me
75%
your
75%
can't
67%
if
67%
know
67%
not
67%
now
67%
of
67%
So
67%
We're
67%
what
67%
What
67%
all
58%
see
58%
Take
58%
that
58%
up
58%
been
50%
But
50%
fight
50%
from
50%
Get
50%
get
50%
give
50%
going
50%
gonna
50%
has
50%
make
50%
man
50%
our
50%
right
50%
stand
50%
Stand
50%
tell
50%
will
50%
yeah
50%
don't
42%
Don't
42%
feel
42%
God
42%
good
42%
life
42%
Life
42%
look
42%
night
42%
should
42%
time
42%
would
42%
away
33%
Come
33%
come
33%
Keep
33%
light
33%
never
33%
people
33%
really
33%
some
33%
think
33%
better
25%
everybody
25%
everything
25%
high
25%
Lord
25%
you'd
25%
Die
17%
earth
17%
fool
17%
Half
17%
heaven
17%
loving
17%
Most
17%
Preacher
17%
sick
17%
sky
17%
sometimes
17%
tired
17%
told
17%
under
17%
worth
17%
yours
17%
Almighty
8%
game
8%
glitter
8%
gold
8%
great
8%
ism
8%
Jesus
8%
name
8%
schism
8%
story
8%
struggling
8%
understand
8%
very
8%
ay
0%
morning
0%
No matching quizzes found
Score Distribution
Percent of People with Each Score
Percentile by Number Answered
Your Score History
You have not taken this quiz